书目信息 |
| 题名: |
魏书 二
|
|
| 作者: | 魏收 撰 | |
| 分册: | ||
| 出版信息: | 北京 中华书局 |
|
| 页数: | ||
| 开本: | 32开 | |
| 丛书名: | ||
| 单 册: | ||
| 中图分类: | K236.104.2 | |
| 科图分类: | ||
| 主题词: | 中国--古代史--封建社会 | |
| 电子资源: | ||
| ISBN: | ||
| 000 | 00486nam0 2200181 45 | |
| 001 | 0103280992 | |
| 005 | 20010328093642.6 | |
| 100 | @a20010328d km y0chiy0120 ea | |
| 101 | 0 | @achi |
| 105 | @a z 000yy | |
| 200 | 1 | @a魏书 二@AWei Shu Er@f(北齐)魏收撰@F(Bei Qi)Wei Shou Zhuan |
| 210 | @a北京@c中华书局 | |
| 215 | @d32开 | |
| 606 | 0 | @a中国@x古代史@x封建社会 |
| 690 | @aK236.104.2@v3 | |
| 701 | 0 | @a魏收@4撰 |
| 801 | @aCN@bPftUser@c20010328 | |
| 905 | @b332562@dK236.104.2@eW.175:2@f1 | |
| 魏书 二/(北齐)魏收撰.-北京:中华书局 |
| 32开 |
| ISBN : |
| ● |
| 相关链接 |
|
|
|
正题名:魏书二
索取号:K236.104.2/W.175:2
 
预约/预借
| 序号 | 登录号 | 条形码 | 馆藏地/架位号 | 状态 | 备注 |
| 1 | 332562 | 203325623 | 社科库309/ [索取号:K236.104.2/W.175:2] | 在馆 |